The Thames gateway (Record no. 107113)
[ view plain ]
| 000 -LEADER | |
|---|---|
| fixed length control field | 01208cad a22002055a 4500 |
| 001 - CONTROL NUMBER | |
| control field | L138302 |
| 008 - FIXED-LENGTH DATA ELEMENTS--GENERAL INFORMATION | |
| fixed length control field | 070525e20070523xxk f 000 0 eng d |
| 035 ## - SYSTEM CONTROL NUMBER | |
| System control number | (Sirsi) u138302 |
| 041 0# - LANGUAGE CODE | |
| Language code of text/sound track or separate title | eng |
| 050 04 - LIBRARY OF CONGRESS CALL NUMBER | |
| Classification number | 711.52 $2 18 |
| 110 2# - MAIN ENTRY--CORPORATE NAME | |
| Corporate name or jurisdiction name as entry element | United Kingdom |
| Subordinate unit | National Audit Office |
| 9 (RLIN) | 1350 |
| 245 04 - TITLE STATEMENT | |
| Title | The Thames gateway |
| Remainder of title | laying the foundations |
| Medium | [electronic resource] |
| 260 ## - PUBLICATION, DISTRIBUTION, ETC. | |
| Place of publication, distribution, etc. | London |
| Name of publisher, distributor, etc. | NAO |
| Date of publication, distribution, etc. | 2007 |
| 520 ## - SUMMARY, ETC. | |
| Summary, etc. | Describes changes needed at government level in order to fulfil the Thames Gateway Scheme redevelopment plans. Argues that a more joined-up approach is needed in the way central government departments work with each other and regional bodies. Local bodies should be provided with clearer objectives. DCLG should amalgamate its detailed local plans into a single programme so that budgets can be drawn up. It is also necessary to provide greater detail on carbon reductions and to create a shared risk programme. Provides a number of detailed recommendations to these ends. |
| 590 ## - LOCAL NOTE (RLIN) | |
| Local note | KA |
| 651 #4 - SUBJECT ADDED ENTRY--GEOGRAPHIC NAME | |
| Geographic name | LONDON |
| 690 ## - LOCAL SUBJECT ADDED ENTRY--TOPICAL TERM (OCLC, RLIN) | |
| Topical term or geographic name as entry element | PROPERTY-PROPERTY MANAGEMENT-REGENERATION |
| 856 40 - ELECTRONIC LOCATION AND ACCESS | |
| Uniform Resource Identifier | <a href="https://www.nao.org.uk/pn/06-07/0607526.htm">https://www.nao.org.uk/pn/06-07/0607526.htm</a> |
| Public note | View the article free of charge at www.nao.org.uk... |
| 942 ## - ADDED ENTRY ELEMENTS (KOHA) | |
| Suppress in OPAC | 0 |
| Withdrawn status | Lost status | Source of classification or shelving scheme | Damaged status | Not for loan | Home library | Current library | Shelving location | Date acquired | Total Checkouts | Full call number | Barcode | Date last seen | Copy number | Price effective from | Koha item type |
|---|---|---|---|---|---|---|---|---|---|---|---|---|---|---|---|
| Dewey Decimal Classification | Virtual | Virtual | Online | 25/05/2007 | ONLINE PUBLICATION | 138302-1001 | 06/08/2019 | 1 | 06/08/2019 | Book |